Indiana Counties by Population - Statistics

General Stats
  • This quiz has been taken 124 times
  • The average score is 33 of 92
Answer Stats
Population County % Correct
968,460 Marion
100%
500,598 Lake
91%
394,545 Allen
85%
371,645 Hamilton
82%
272,848 St. Joseph
79%
206,409 Elkhart
74%
175,335 Porter
71%
188,792 Tippecanoe
71%
179,810 Vanderburgh
71%
106,153 Vigo
71%
112,321 Delaware
68%
132,504 Madison
68%
186,387 Hendricks
65%
111,706 LaPorte
65%
139,342 Monroe
65%
84,003 Bartholomew
62%
125,467 Clark
62%
167,819 Johnson
62%
86,166 Hancock
56%
83,831 Howard
56%
80,809 Floyd
50%
76,120 Boone
47%
73,227 Morgan
47%
66,127 Wayne
47%
80,364 Kosciusko
44%
6,004 Ohio
41%
66,200 Grant
38%
6,973 Union
32%
40,006 Harrison
29%
46,352 Marshall
29%
35,402 Miami
29%
10,019 Switzerland
29%
15,256 Tipton
29%
15,653 Brown
26%
32,730 Clinton
26%
46,460 Jackson
26%
33,535 Jasper
26%
33,056 Jefferson
26%
40,907 LaGrange
26%
13,960 Newton
26%
24,657 Scott
26%
45,231 Shelby
26%
30,670 Wabash
26%
65,867 Warrick
26%
28,205 Washington
26%
36,288 Adams
24%
8,729 Benton
24%
11,893 Blackford
24%
37,666 Cass
24%
51,215 Dearborn
24%
26,399 Decatur
24%
44,198 DeKalb
24%
23,096 Franklin
24%
20,358 Fulton
24%
31,196 Greene
24%
48,929 Henry
24%
36,781 Huntington
24%
20,032 Jay
24%
9,897 Martin
24%
38,573 Montgomery
24%
25,040 Posey
24%
12,385 Pulaski
24%
37,567 Putnam
24%
24,216 Randolph
24%
19,910 Spencer
24%
8,518 Warren
24%
28,555 Wells
24%
24,917 White
24%
20,525 Carroll
21%
26,460 Clay
21%
10,438 Crawford
21%
33,656 Daviess
21%
43,546 Dubois
21%
23,362 Fayette
21%
16,731 Fountain
21%
32,904 Gibson
21%
27,622 Jennings
21%
36,070 Knox
21%
45,084 Lawrence
21%
47,430 Noble
21%
19,638 Orange
21%
21,532 Owen
21%
16,484 Parke
21%
19,209 Perry
21%
12,106 Pike
21%
29,227 Ripley
21%
16,847 Rush
21%
23,206 Starke
21%
34,917 Steuben
21%
20,757 Sullivan
21%
15,417 Vermillion
21%
34,742 Whitley
21%
No matching quizzes found
Score Distribution
Percent of People with Each Score
Percentile by Number Answered
Your Score History
You have not taken this quiz